| Record ID | ia:mangerboireetper0000will |
| Source | Internet Archive |
| Download MARC XML | https://archive.org/download/mangerboireetper0000will/mangerboireetper0000will_marc.xml |
| Download MARC binary | https://www.archive.org/download/mangerboireetper0000will/mangerboireetper0000will_meta.mrc |
LEADER: 01728cam 2200481 a 4500
001 ocn191759791
003 OCoLC
005 20200819211521.0
008 080123s2008 quc b 001 0 fre
040 $aNLC$bfre$cNLC$dCNMBL$dOCLCF$dNLC$dOCLCQ$dOCLCO
015 $a20089401190$2can
016 $a(AMICUS)000033780054
020 $a9782761924948
020 $a2761924940
035 $a(OCoLC)191759791
037 $bMessageries ADP, 955, rue Amherst, Montréal, QC H2L 3K4
041 1 $afre$heng
050 14 $aRM222.2 K3914 2008
055 3 $aRM222.2$bK3714 2008
082 04 $a613.2/5$222
084 $acci1icc$2lacc
100 1 $aWillett, Walter.
245 10 $aManger, boire et perdre du poids /$cWalter C. Willett et Mollie Katzen ; traduit de l'américain par Louise Chrétien et Marie-Josée Chrétien.
260 $aMontréal :$bÉditions de l'Homme,$c2008.
300 $a307 pages ;$c23 cm
336 $atexte$btxt$2rdacontent/fre
337 $asans médiation$bn$2rdamedia/fre
338 $avolume$bnc$2rdacarrier/fre
500 $aTraduction de : Eat, drink & weigh less / Mollie Katzen & Walter Willett.
504 $aComprend des références bibliographiques : pages 291-293.
650 0 $aReducing diets.
650 0 $aWeight loss.
650 0 $aReducing diets$vRecipes.
650 6 $aRégimes amaigrissants.
650 6 $aPerte de poids.
650 6 $aRégimes amaigrissants$vRecettes.
650 7 $aReducing diets.$2fast$0(OCoLC)fst01092289
650 7 $aWeight loss.$2fast$0(OCoLC)fst01173454
655 7 $aRecipes.$2fast$0(OCoLC)fst01424190
700 1 $aKatzen, Mollie,$d1950-
029 0 $aNLC$b000033780054
994 $aZ0$bP4A
948 $hNO HOLDINGS IN P4A - 6 OTHER HOLDINGS